000 00640na a2200217 4500
001 20461
003 MIRAKIL
005 20181213155133.0
008 170120b tu 000 0
020 _a9786055659028
040 _aMilas
_btur
_cTR-AnCHP
041 _atur
082 _a341.421
_bA47t 2009
090 _a341.421 A47t 2009
100 _aAltınay, Hakan
245 _aTürkiye'nin AB üyeliğinin fırsat maliyeti: Dört görüş
_cHakan Altınay
260 _aİstanbul
_bAçık Toplum Vakfı
_c2009
_fArtpres Matbaacılık
300 _a20 s.
_c24 sm.
650 _aAvrupa Birliği
_xTürkiye
_yDenemeler
942 _2dcc
_cBKS
999 _c7264
_d7264